French-English science dictionary for students in agricultural, biological and physical sciences
Guardat en:
| Autor principal: | |
|---|---|
| Format: | Llibre |
| Idioma: | anglès francès |
| Publicat: |
Nueva York
McGraw-Hill
1940
|
| Matèries: | |
| Etiquetes: |
Afegir etiqueta
Sense etiquetes, Sigues el primer a etiquetar aquest registre!
|
MARC
| LEADER | 00000nam a2200000 a 4500 | ||
|---|---|---|---|
| 001 | UCT3253 | ||
| 003 | CL-VaPUC | ||
| 008 | 961018e19400000US |||||||||||||||||eng|d | ||
| 041 | 0 | 7 | |a eng |2 CL-VaPUC |
| 041 | 0 | 7 | |a fre |2 CL-VaPUC |
| 082 | 0 | 4 | |a 503 |b VRI |2 21 |
| 100 | 0 | |a Vries, Louis de |e author |9 372177 | |
| 245 | 1 | 0 | |a French-English science dictionary for students in agricultural, biological and physical sciences |
| 300 | |a 546 p | ||
| 942 | |c BK | ||
| 945 | |d 19961018 00:00:00 |a paguirre | ||
| 260 | |a Nueva York |b McGraw-Hill |c 1940 | ||
| 650 | 0 | |a Diccionarios |9 256200 | |
| 650 | 0 | |a Ciencia |9 255691 | |
| 650 | 7 | |a FRANCES |2 CL-VaPUC |9 259059 | |
| 650 | 0 | |a Inglés |9 260023 | |
| 650 | 0 | |a Vocabularios |9 316229 | |
| 583 | |a last modification |c 19961018 00:00:00 |k Rodrigo Vera | ||
| 999 | |c 252974 |d 252972 | ||